Paolo: la vita, le lettere, il pensiero teologico / (Record n. 358157)
[ formato base ]
| 000 -LEADER | |
|---|---|
| fixed length control field | 01493nam a2200325 i 4500 |
| 001 - CONTROL NUMBER | |
| control field | 000000434741 |
| 003 - CONTROL NUMBER IDENTIFIER | |
| control field | IT-MiSPE |
| 005 - DATE AND TIME OF LATEST TRANSACTION | |
| control field | 20200317154418.0 |
| 008 - FIXED-LENGTH DATA ELEMENTS--GENERAL INFORMATION | |
| fixed length control field | 181029s2018 it 000 0 ita d |
| 020 ## - INTERNATIONAL STANDARD BOOK NUMBER | |
| International Standard Book Number | 9788892216389 |
| Terms of availability | 35.00 EUR |
| 040 ## - CATALOGING SOURCE | |
| Original cataloging agency | IT-MiSPE |
| Language of cataloging | ita |
| Modifying agency | IT-MiSPE |
| Transcribing agency | IT-MiSPE |
| 041 ## - LANGUAGE CODE | |
| Language code of text/sound track or separate title | ita |
| 082 ## - DEWEY DECIMAL CLASSIFICATION NUMBER | |
| Classification number | 227.092-ROM st pa (axa 23227) |
| 100 1# - MAIN ENTRY--PERSONAL NAME | |
| Personal name | Romanello, Stefano, |
| Titles and words associated with a name | sacerdote, |
| Dates associated with a name | 1961-, |
| Relator term | autore. |
| 9 (RLIN) | 57650 |
| 245 10 - TITLE STATEMENT | |
| Title | Paolo: la vita, le lettere, il pensiero teologico / |
| Statement of responsibility, etc. | Stefano Romanello. |
| 264 #4 - | |
| Date of production, publication, distribution, manufacture, or copyright notice | ©2018. |
| 264 #1 - | |
| Place of production, publication, distribution, manufacture | Cinisello Balsamo (Milano) : |
| Name of producer, publisher, distributor, manufacturer | San Paolo, |
| Date of production, publication, distribution, manufacture, or copyright notice | [2018] |
| 300 ## - PHYSICAL DESCRIPTION | |
| Extent | 357 p. ; |
| Dimensions | 22 cm |
| 336 ## - | |
| Content type term | testo |
| Content type code | txt |
| Source | rdacontent |
| 337 ## - | |
| Media type term | senza mediazione |
| Media type code | n |
| Source | rdamedia |
| 338 ## - | |
| Carrier type term | volume |
| Carrier type code | nc |
| Source | rdacarrier |
| 504 ## - BIBLIOGRAPHY, ETC. NOTE | |
| Bibliography, etc | Bibliografia alla fine dei capitoli |
| 520 ## - SUMMARY, ETC. | |
| Summary, etc. | Romanello dedica un congruo spazio alla presentazione delle singole lettere, mosso tuttavia dalla convinzione che il loro messaggio possa essere adeguatamente colto se sono contestualizzate nella cornice ampia della missione e della biografia del loro autore, nonché se si abbozza almeno uno schizzo sintetico delle convinzioni teologiche che esse manifestano. |
| 600 04 - SUBJECT ADDED ENTRY--PERSONAL NAME | |
| Personal name | Paulus Apostolus, |
| Titles and other words associated with a name | santo. |
| 9 (RLIN) | 57523 |
| 655 #7 - INDEX TERM--GENRE/FORM | |
| Genre/form data or focus term | Sacra Scrittura. Studi sul Nuovo Testamento |
| General subdivision | Paolo: biografia. |
| Source of term | local |
| 9 (RLIN) | 57519 |
| 655 #7 - INDEX TERM--GENRE/FORM | |
| Genre/form data or focus term | Sacra Scrittura. Studi sul Nuovo Testamento |
| General subdivision | Paolo: studi e teologia. |
| Source of term | local |
| 9 (RLIN) | 56750 |
| 942 ## - ADDED ENTRY ELEMENTS (KOHA) | |
| Source of classification or shelving scheme | Dewey Decimal Classification |
| Koha item type | LIBRO |
| Withdrawn status | Lost status | Source of classification or shelving scheme | Damaged status | Not for loan | Home library | Current library | Date acquired | Total Checkouts | Full call number | Barcode | Date last seen | Price effective from | Koha item type |
|---|---|---|---|---|---|---|---|---|---|---|---|---|---|
| Dewey Decimal Classification | Buone Condizioni | Not For Loan | CINISELLO | CINISELLO | 21/03/2019 | 227.092-ROM st pa (axa 23227) | 9788892216389 | 21/03/2019 | 21/03/2019 | LIBRO |